Welcome to CU Library Online Public Access Catalogue (OPAC)

The Rise and decline of nations; (Record no. 5094)

MARC details
000 -LEADER
fixed length control field 00467nam a22001577a 4500
005 - DATE AND TIME OF LATEST TRANSACTION
control field 20250322141102.0
008 - FIXED-LENGTH DATA ELEMENTS--GENERAL INFORMATION
fixed length control field 250322b |||||||| |||| 00| 0 eng d
020 ## - INTERNATIONAL STANDARD BOOK NUMBER
International Standard Book Number 9780300030792
050 ## - LIBRARY OF CONGRESS CALL NUMBER
Classification number HD82
Item number .Q565 OLS
100 ## - MAIN ENTRY--PERSONAL NAME
Personal name Olson, Mancur
245 ## - TITLE STATEMENT
Title The Rise and decline of nations;
Remainder of title economic growth, stagflation and social rigidities
260 ## - PUBLICATION, DISTRIBUTION, ETC.
Place of publication, distribution, etc. New Haven
Name of publisher, distributor, etc. Yale University Press
Date of publication, distribution, etc. c1982
300 ## - PHYSICAL DESCRIPTION
Extent xi, 273p
500 ## - GENERAL NOTE
General note includes index
942 ## - ADDED ENTRY ELEMENTS (KOHA)
Source of classification or shelving scheme Library of Congress Classification
Koha item type Books
Suppress in OPAC No
999 ## -
-- 5094
-- 5094
Holdings
Withdrawn status Lost status Source of classification or shelving scheme Damaged status Not for loan Collection Home library Current library Shelving location Date acquired Total checkouts Full call number Barcode Date last seen Copy number Price effective from Koha item type
    Library of Congress Classification     Non-fiction Undergraduate Library (Christ Temple) Undergraduate Library (Christ Temple) General stacks 03/22/2025   HD82.Q565 OLS ulct00001892 03/22/2025 1 03/22/2025 Books
© 2023-2024 Copyright: Central University Libraries. All Rights Reserved | Created by: Mahone Tech Office